|
|
|
|
| LEADER |
00956nam a2200277 a 4500 |
| 001 |
c000117414 |
| 003 |
CARM |
| 005 |
20000317084934.0 |
| 008 |
761104s1977 nyu b 001 0 eng |
| 019 |
1 |
|
|a 777488
|5 LACONCORD2021
|
| 020 |
|
|
|a 0807725102
|
| 035 |
|
|
|a (OCoLC)2614241
|5 LACONCORD2021
|
| 040 |
|
|
|a LC
|b eng
|c LC
|d LC
|
| 043 |
|
|
|a n-us---
|
| 050 |
0 |
0 |
|a LB2328
|b .G28
|
| 082 |
0 |
4 |
|a 378/.052
|
| 100 |
1 |
|
|a Garms, Walter I.
|
| 245 |
1 |
0 |
|a Financing community colleges /
|c Walter I. Garms.
|
| 260 |
|
|
|a New York :
|b Teachers College Press,
|c c1977.
|
| 300 |
|
|
|a vii, 120 p. ;
|c 24 cm.
|
| 500 |
|
|
|a Includes index.
|
| 504 |
|
|
|a Bibliography: p. 116-117.
|
| 650 |
|
0 |
|a Community colleges
|z United States
|x Finance.
|
| 852 |
8 |
|
|b CARM
|h A2:AI22E0
|i C04430
|p 0183032
|f BK
|
| 999 |
f |
f |
|i 44f8e48c-2775-5317-80d1-fd9d8c002b2e
|s 1e2ccd5b-6b8d-5e14-9ccc-0629dd7101cd
|
| 952 |
f |
f |
|p Can circulate
|a CAVAL
|b CAVAL
|c CAVAL
|d CARM 1 Store
|e C04430
|f A2:AI22E0
|h Other scheme
|i book
|m 0183032
|